[Event "MCR senioru 2013 - 60"]
[Site "?"]
[Date "2013.08.22"]
[Round "6.13"]
[White "Chmelik, Jiri"]
[Black "Lexa, Vaclav"]
[Result "1-0"]
[WhiteElo "2002"]
[BlackElo "1890"]
[PlyCount "126"]
[SourceDate "2013.08.22"]

1. d4 d5 2. Nf3 Nf6 3. c4 e6 4. Nc3 Nbd7 5. Bg5 Be7 6. e3 c6 7. Qc2 O-O 8. Rd1
Re8 9. a3 Ng4 10. Bxe7 Qxe7 11. Bd3 f5 12. O-O Ngf6 13. cxd5 cxd5 14. Nb5 Rf8
15. Qc7 Ne8 16. Qc2 e5 17. dxe5 Nxe5 18. Be2 Bd7 19. Nxe5 Qxe5 20. Rxd5 Qe7 21.
Rfd1 Nf6 22. R5d4 Bc6 23. Nc3 Ne4 24. Nxe4 Bxe4 25. Qb3+ Kh8 26. Bf3 Rf6 27.
Bxe4 fxe4 28. Rd7 Qf8 29. Qc2 Rc8 30. Qxc8 Qxc8 31. Rd8+ Rf8 32. Rxc8 Rxc8 33.
Kf1 Kg8 34. Ke2 Rc7 35. Rd4 Rc2+ 36. Rd2 Rc7 37. Kd1 Kf7 38. Rd4 Re7 39. Kd2
Kf6 40. f3 exf3 41. gxf3 Rc7 42. e4 g6 43. h4 Ke6 44. Rd5 Rf7 45. Ke3 Rc7 46.
h5 Rc2 47. hxg6 hxg6 48. Rd2 Rc5 49. f4 Rb5 50. b4 Rb6 51. Rd5 Rc6 52. Rg5 Kf7
53. Rc5 Rb6 54. Kd4 Kf6 55. Rd5 Rc6 56. Rd7 Ra6 57. Rxb7 Rxa3 58. e5+ Ke6 59.
Rg7 Rg3 60. Rxa7 g5 61. Ra6+ Ke7 62. f5 Rf3 63. Ra7+ Kf8 1-0

[Event "MCR senioru 2013 - 60"]
[Site "?"]
[Date "2013.08.22"]
[Round "6.14"]
[White "Spliek, Lubos"]
[Black "Fiser, Jiri"]
[Result "0-1"]
[WhiteElo "1773"]
[BlackElo "1970"]
[PlyCount "74"]
[SourceDate "2013.08.22"]

1. e4 c5 2. Nc3 Nc6 3. g3 g6 4. Bg2 Bg7 5. d3 e6 6. Be3 d6 7. Qd2 Rb8 8. Nge2
b5 9. O-O b4 10. Nd1 h5 11. h4 Nd4 12. c3 Nxe2+ 13. Qxe2 Nf6 14. Bd2 a5 15. d4
Qb6 16. d5 e5 17. c4 O-O 18. f3 Kh7 19. Nf2 Bh6 20. Bh3 Bxd2 21. Bxc8 Rbxc8 22.
Qxd2 Kg7 23. g4 hxg4 24. fxg4 Rh8 25. h5 Qd8 26. h6+ Rxh6 27. g5 Rh4 28. gxf6+
Qxf6 29. Kg2 Rf4 30. Nh3 Rg4+ 31. Kh2 Qh4 32. Rf3 Rxe4 33. Raf1 f5 34. Qg5 Qxg5
35. Nxg5 Rh8+ 36. Kg3 Rxc4 37. R1f2 Rg4# 0-1

[Event "MCR senioru 2013 - 60"]
[Site "?"]
[Date "2013.08.22"]
[Round "6.16"]
[White "Silar, Ladislav"]
[Black "Innemann, Frantisek"]
[Result "1/2-1/2"]
[WhiteElo "1856"]
[BlackElo "1919"]
[PlyCount "158"]
[SourceDate "2013.08.22"]

1. d4 e6 2. Nf3 Nf6 3. Bg5 Be7 4. e3 O-O 5. Bd3 h6 6. Bh4 c5 7. c3 cxd4 8. exd4
b6 9. Nbd2 Ba6 10. Bxa6 Nxa6 11. O-O Nc7 12. Qe2 Ncd5 13. Bg3 Nh5 14. Ne5 Nxg3
15. fxg3 Rc8 16. Ndf3 Nf6 17. Rad1 Qc7 18. Nd2 d6 19. Ng4 Nxg4 20. Qxg4 f5 21.
Qe2 e5 22. dxe5 dxe5 23. Nf3 e4 24. Nd4 Bc5 25. Kh1 Bxd4 26. Rxd4 Rcd8 27. Rfd1
Rxd4 28. Rxd4 Rd8 29. Qd2 Rxd4 30. Qxd4 Kf7 31. Qd5+ Kf6 32. g4 g6 33. gxf5
gxf5 34. g4 fxg4 35. Qxe4 Kg5 36. Kg2 h5 37. Qe3+ Qf4 38. Qe7+ Kg6 39. Qe8+ Kg5
40. Qe7+ Kf5 41. Qf7+ Ke4 42. Qxh5 Qf3+ 43. Kg1 Qd1+ 44. Kg2 Qd2+ 45. Kg1 Qc1+
46. Kg2 Qxb2+ 47. Kg1 Qb1+ 48. Kg2 Qxa2+ 49. Kg1 Qe6 50. Qh7+ Kf3 51. Qb7+ Qe4
52. Qf7+ Qf4 53. Qb7+ Ke3 54. Qe7+ Kd3 55. Qxa7 Qe3+ 56. Kg2 Kxc3 57. Qa3+ Kd2
58. Qb4+ Kc2 59. Qxg4 Qd2+ 60. Kg3 Qd3+ 61. Kg2 b5 62. h4 Qd2+ 63. Kg3 b4 64.
Qe4+ Kc1 65. Qc4+ Kb2 66. h5 b3 67. Kg4 Qc2 68. Qd4+ Ka2 69. Qa4+ Kb1 70. Qb4
Qe2+ 71. Kg5 b2 72. h6 Qe5+ 73. Kg6 Qe6+ 74. Kg7 Qe5+ 75. Kg6 Qg3+ 76. Kf7 Qc7+
77. Kg8 Qd8+ 78. Kg7 Qg5+ 79. Kh7 Qf5+ 1/2-1/2

[Event "MCR senioru 2013 - 60"]
[Site "?"]
[Date "2013.08.22"]
[Round "6.17"]
[White "Tsapanidis, Vasilis"]
[Black "Havrlik, Pavel"]
[Result "1/2-1/2"]
[WhiteElo "1802"]
[BlackElo "1900"]
[PlyCount "106"]
[SourceDate "2013.08.22"]

1. c4 Nc6 2. Nc3 e5 3. Nf3 Nf6 4. d4 exd4 5. Nxd4 Bb4 6. Bg5 h6 7. Nxc6 Bxc3+
8. bxc3 bxc6 9. Bh4 O-O 10. Qd4 Re8 11. Bxf6 Qxf6 12. Qxf6 gxf6 13. e3 Rb8 14.
Bd3 Ba6 15. O-O d5 16. Rab1 Rb6 17. Rxb6 axb6 18. Rd1 Bxc4 19. Bxc4 dxc4 20.
Kf1 Ra8 21. Rd2 Ra3 22. Rc2 Kf8 23. Ke2 Ke7 24. Kf3 Ke6 25. Ke4 c5 26. Kf4 f5
27. e4 fxe4 28. Kxe4 f5+ 29. Kf4 Kf6 30. f3 h5 31. h3 h4 32. g4 hxg3 33. Kxg3
Ra8 34. h4 Rd8 35. Kf4 Rd3 36. h5 Kg7 37. Kxf5 Rxf3+ 38. Kg4 Rd3 39. Kg5 Rd5+
40. Kg4 Kh6 41. Rh2 Rd3 42. Rc2 Rd1 43. Re2 Rg1+ 44. Kf4 Rg7 45. Kf5 Rd7 46.
Kg4 b5 47. Re6+ Kh7 48. Re5 b4 49. Rxc5 b3 50. axb3 cxb3 51. Rb5 Rd6 52. Rxb3
Rc6 53. Ra3 Rc4+ 1/2-1/2

[Event "MCR senioru 2013 - 60"]
[Site "?"]
[Date "2013.08.22"]
[Round "6.18"]
[White "Zeman, Ladislav"]
[Black "Perik, Alois"]
[Result "0-1"]
[WhiteElo "1900"]
[BlackElo "1847"]
[PlyCount "156"]
[EventDate "2013.??.??"]
[SourceDate "2013.08.22"]

1. e4 c6 2. d4 d5 3. e5 Bf5 4. Bd3 Bxd3 5. Qxd3 e6 6. Nf3 Nd7 7. O-O c5 8. c3
Qc7 9. b3 Ne7 10. Be3 cxd4 11. cxd4 Nc6 12. a3 Be7 13. Nbd2 O-O 14. Rfc1 a6 15.
Ng5 Bxg5 16. Bxg5 f6 17. exf6 Nxf6 18. b4 Qf7 19. f3 Ne8 20. Nb3 Nd6 21. Bh4
Nf5 22. Bf2 Qf6 23. Rc3 Nd6 24. Nc5 Qf7 25. Re1 Rfe8 26. Rcc1 Nc4 27. Rb1 Nd8
28. Ra1 b6 29. Na4 Nb7 30. Nc3 Nbd6 31. Ra2 Qf5 32. Qxf5 Nxf5 33. g4 Nfd6 34.
Rae2 Kf7 35. Bg3 Nb5 36. Nxb5 axb5 37. Ra1 Ra7 38. Rea2 Rea8 39. Bf4 Rxa3 40.
Rxa3 Rxa3 41. Rxa3 Nxa3 42. Bd2 Nc4 43. Bc1 e5 44. dxe5 Nxe5 45. Kg2 Nd3 46.
Bd2 Ke6 47. f4 g6 48. Kf3 Nb2 49. Bc3 Nc4 50. h4 Na3 51. Ke2 Nc4 52. Kd3 Kd6
53. Bd4 Ke6 54. Kc3 Kd6 55. f5 gxf5 56. gxf5 h5 57. Kd3 Ne5+ 58. Ke3 Nc6 59.
Bc3 Ke7 60. Kf4 d4 61. Bd2 Kf6 62. Ke4 Kf7 63. Kd5 Ne7+ 64. Ke4 d3 65. Bg5 Nc6
66. Bd2 Ne7 67. Bc3 Kf8 68. f6 Ng6 69. Be1 Kf7 70. Kf5 Nxh4+ 71. Ke4 Ng6 72.
Kxd3 Kxf6 73. Ke4 h4 74. Kd5 h3 75. Bg3 Ne7+ 76. Ke4 Kg5 77. Bd6 Kg4 78. Bh2
Nc6 0-1

[Event "MCR senioru 2013 - 60"]
[Site "?"]
[Date "2013.08.22"]
[Round "6.19"]
[White "Sedlacek, Jan"]
[Black "Palla, Stanisllav"]
[Result "1/2-1/2"]
[WhiteElo "1890"]
[BlackElo "1785"]
[PlyCount "49"]
[EventDate "2013.??.??"]
[SourceDate "2013.08.22"]

1. e4 c5 2. Nf3 e6 3. d3 d6 4. g3 Nf6 5. Bg2 Qc7 6. O-O Be7 7. Re1 Nc6 8. c3
O-O 9. Nbd2 Ne5 10. Nf1 Rb8 11. Nh4 c4 12. dxc4 Nxc4 13. Ne3 b5 14. b3 Nxe3 15.
Bxe3 a6 16. Rc1 Bb7 17. c4 bxc4 18. Rxc4 Qd8 19. f4 Rc8 20. e5 Nd5 21. Rxc8
Qxc8 22. Nf5 exf5 23. Bxd5 dxe5 24. Bxb7 Qxb7 25. fxe5 1/2-1/2

[Event "MCR senioru 2013 - 60"]
[Site "?"]
[Date "2013.08.22"]
[Round "6.20"]
[White "Pop, Ladislav"]
[Black "Majerik, Vladimir"]
[Result "0-1"]
[WhiteElo "1731"]
[BlackElo "1887"]
[PlyCount "116"]
[SourceDate "2013.08.22"]

1. e4 c6 2. d4 d5 3. exd5 cxd5 4. Nf3 Nf6 5. Nc3 Bg4 6. Bf4 a6 7. h3 Bh5 8. Be2
e6 9. O-O Be7 10. Re1 O-O 11. Ne5 Bxe2 12. Nxe2 Nbd7 13. Ng3 Rc8 14. c3 b5 15.
a3 Nb6 16. Ng4 Nc4 17. Nxf6+ Bxf6 18. Nh5 Nxb2 19. Qg4 Kh8 20. Re3 Rg8 21. Rg3
Nc4 22. Bh6 gxh6 23. Qxg8+ Qxg8 24. Rxg8+ Rxg8 25. Nxf6 Rd8 26. a4 Kg7 27. Ng4
h5 28. Ne3 Nxe3 29. fxe3 Rc8 30. axb5 axb5 31. Rb1 Rxc3 32. Kf2 Rc2+ 33. Kf3 h6
34. Rxb5 Rc1 35. Rb2 Rf1+ 36. Kg3 Kg6 37. Re2 Kg5 38. Ra2 h4+ 39. Kh2 Kf5 40.
g4+ Ke4 41. Kg2 Rf3 42. Rf2 Rxf2+ 43. Kxf2 Kd3 44. Kf3 f6 45. Kf2 Ke4 46. Ke2
e5 47. dxe5 fxe5 48. Kf2 d4 49. exd4 exd4 50. Ke2 d3+ 51. Kd2 Kd4 52. Kd1 Ke3
53. Ke1 Kf3 54. Kd2 Kg3 55. Kxd3 Kxh3 56. Ke2 Kg2 57. Ke3 h3 58. Kf4 h2 0-1

[Event "MCR senioru 2013 - 70"]
[Site "?"]
[Date "2013.08.22"]
[Round "5.1"]
[White "Jacek, Miloslav"]
[Black "Zamecnik, Bohumir"]
[Result "1/2-1/2"]
[WhiteElo "2030"]
[BlackElo "1894"]
[PlyCount "53"]

1. e4 c5 2. Nf3 Nc6 3. Bb5 g6 4. Bxc6 dxc6 5. d3 Bg7 6. h3 Nf6 7. Nc3 O-O 8.
Be3 b6 9. Qd2 Ne8 10. Bh6 Nc7 11. O-O-O Ne6 12. h4 Qc7 13. Ne2 f6 14. Nh2 Rd8
15. Bxg7 Nxg7 16. Qe3 e5 17. f4 exf4 18. Nxf4 Qe5 19. Nf3 Qe7 20. Rde1 Ne6 21.
h5 g5 22. Nxe6 Bxe6 23. e5 Bg4 24. exf6 Qxe3+ 25. Rxe3 Bxf3 26. Rxf3 Kf7 27.
Kd2 1/2-1/2

[Event "MCR senioru 2013 - 70"]
[Site "?"]
[Date "2013.08.22"]
[Round "5.2"]
[White "Glembek, Bohumir"]
[Black "Macura, Emil"]
[Result "0-1"]
[WhiteElo "1744"]
[BlackElo "1944"]
[PlyCount "49"]

1. d4 Nf6 2. c4 c5 3. d5 e5 4. Nc3 d6 5. e4 g6 6. f4 exf4 7. Bxf4 Nh5 8. Qf3
Nxf4 9. Qxf4 Bg7 10. Nf3 O-O 11. Bd3 f5 12. exf5 Bxf5 13. Bxf5 Rxf5 14. Qd2 Nd7
15. O-O Qf8 16. Rae1 Ne5 17. Nxe5 Bxe5 18. Rxf5 Qxf5 19. g3 Rf8 20. Qe2 Qh3 21.
Qg2 Bd4+ 22. Kh1 Qxg2+ 23. Kxg2 Rf2+ 24. Kh3 Rxb2 25. Re6 0-1

[Event "MCR senioru 2013 - 70"]
[Site "?"]
[Date "2013.08.22"]
[Round "5.3"]
[White "Laszkiewicz, Jerzy"]
[Black "Strakos, Tomas"]
[Result "1/2-1/2"]
[WhiteElo "1971"]
[BlackElo "1779"]
[PlyCount "34"]

1. e4 c5 2. Nf3 e6 3. c3 Nf6 4. e5 Nd5 5. d4 cxd4 6. cxd4 b6 7. Nc3 Nxc3 8.
bxc3 Ba6 9. Bxa6 Nxa6 10. O-O Be7 11. Qa4 Nc7 12. Ba3 O-O 13. Rfd1 b5 14. Qb3
d5 15. Ne1 Bxa3 16. Qxa3 Qd7 17. Nd3 Rfc8 1/2-1/2

[Event "MCR senioru 2013 - 70"]
[Site "?"]
[Date "2013.08.22"]
[Round "5.4"]
[White "Vitek, Vaclav"]
[Black "Prachar, Josef"]
[Result "1-0"]
[WhiteElo "2043"]
[BlackElo "1888"]
[PlyCount "53"]

1. d4 d5 2. Bf4 Nf6 3. e3 e6 4. Nf3 Bd6 5. Ne5 O-O 6. Nd2 c5 7. c3 Nc6 8. Bd3
Qc7 9. Ndf3 Ne4 10. Bg3 f5 11. Bf4 c4 12. Bc2 b5 13. a4 b4 14. Nxc6 Qxc6 15.
Bxe4 fxe4 16. Bxd6 Qxd6 17. Ne5 b3 18. h4 Rf6 19. f4 exf3 20. gxf3 a5 21. Qe2
Bd7 22. Qg2 Raf8 23. Rh3 Be8 24. h5 Rh6 25. Kd2 Rf5 26. Ng4 Rhxh5 27. Rxh5 1-0

[Event "MCR senioru 2013 - 70"]
[Site "?"]
[Date "2013.08.22"]
[Round "5.5"]
[White "Abraham, Karel"]
[Black "Reichmann, Pavel"]
[Result "1-0"]
[WhiteElo "1779"]
[BlackElo "1840"]
[PlyCount "137"]

1. e4 c6 2. d4 d5 3. e5 Bf5 4. Nc3 e6 5. g4 h6 6. gxf5 exf5 7. Qd3 g6 8. Bd2
Nd7 9. Qe3 Qe7 10. a3 Qe6 11. f4 a6 12. Na4 Be7 13. Nf3 Bd8 14. Bb4 Ne7 15. Nc5
Nxc5 16. Bxc5 Nc8 17. O-O-O b6 18. Bb4 a5 19. Be1 Nd6 20. Bf2 Ne4 21. Nd2 Nxf2
22. Qxf2 O-O 23. h4 h5 24. Be2 Kh7 25. Nf3 Kh6 26. Ng5 Qd7 27. Rde1 Bxg5 28.
hxg5+ Kg7 29. Rh3 Rh8 30. Bd3 Qe6 31. Qe2 b5 32. Qd2 a4 33. Qb4 Rhd8 34. Qc5
Re8 35. Be2 Rh8 36. Reh1 Rac8 37. Rc3 Qd7 38. Rhh3 Qe6 39. Rhe3 Qd7 40. b3 axb3
41. cxb3 Rhe8 42. Kd1 Re6 43. Ke1 Ra8 44. Bd1 Qa7 45. Qxa7 Rxa7 46. a4 b4 47.
Rc5 Kf8 48. Re2 Ke7 49. Rec2 Kd7 50. Be2 Rb7 51. a5 Ra7 52. a6 Ra8 53. Ra2 Ree8
54. a7 Rec8 55. Ra4 Rc7 56. Rxb4 Raxa7 57. Rb6 Ra1+ 58. Kf2 Ra2 59. b4 h4 60.
b5 h3 61. bxc6+ Kd8 62. Rb8+ Rc8 63. c7+ Kd7 64. Rxd5+ Kxc7 65. Rxc8+ Kxc8 66.
Rc5+ Kd7 67. Rc3 Rd2 68. Rxh3 Rxd4 69. Rd3 1-0

[Event "MCR senioru 2013 - 70"]
[Site "?"]
[Date "2013.08.22"]
[Round "5.6"]
[White "Blazek, Jaroslav"]
[Black "Kosek, Lubomir"]
[Result "1/2-1/2"]
[WhiteElo "1687"]
[BlackElo "1784"]
[PlyCount "29"]

1. e4 c6 2. d4 d5 3. e5 Bf5 4. Nf3 e6 5. Be2 Nd7 6. O-O h6 7. Nbd2 a6 8. Nb3 c5
9. c3 Rc8 10. Be3 b5 11. dxc5 Nxc5 12. Nxc5 Bxc5 13. Nd4 Bh7 14. Bd3 Bxd3 15.
Qxd3 1/2-1/2

[Event "MCR senioru 2013 - 70"]
[Site "?"]
[Date "2013.08.22"]
[Round "5.7"]
[White "Pavlu, Jiri"]
[Black "Mesiarik, Rudolf"]
[Result "1/2-1/2"]
[WhiteElo "1871"]
[BlackElo "2179"]
[PlyCount "96"]

1. d4 Nf6 2. Bg5 Ne4 3. Bh4 c5 4. f3 g5 5. fxe4 gxh4 6. c3 Qb6 7. Qb3 Qh6 8.
Nd2 e6 9. Ngf3 Qf4 10. d5 b6 11. O-O-O d6 12. Kb1 e5 13. e3 Qxe3 14. Bb5+ Bd7
15. Bxd7+ Nxd7 16. Nxh4 a6 17. Nf5 Qd3+ 18. Qc2 Qxc2+ 19. Kxc2 b5 20. a4 Rg8
21. g3 Rg6 22. axb5 axb5 23. Ra1 Rb8 24. Ra7 Be7 25. Rha1 Bd8 26. R1a6 Nb6 27.
Nb3 Nc8 28. Ra8 Rxa8 29. Rxa8 Kd7 30. Rb8 Rg4 31. Rb7+ Bc7 32. Nd2 Nb6 33. Nh6
Rg6 34. Nf5 Rg8 35. Ra7 Ra8 36. Rxa8 Nxa8 37. b3 Ba5 38. Nf3 Bd8 39. h4 f6 40.
Nd2 Nc7 41. Nf1 Ne8 42. N1e3 h5 43. c4 bxc4 44. Nxc4 Be7 45. b4 cxb4 46. Kb3
Bf8 47. Kxb4 Ng7 48. Nce3 Ne8 1/2-1/2

[Event "MCR senioru 2013 - 70"]
[Site "?"]
[Date "2013.08.22"]
[Round "5.8"]
[White "Neubauer, Vilem"]
[Black "Stec, Frantisek"]
[Result "1-0"]
[WhiteElo "1873"]
[BlackElo "2017"]
[PlyCount "64"]

1. f4 d6 2. g3 e5 3. d3 g6 4. Bg2 Bg7 5. Nc3 Ne7 6. e4 Nbc6 7. Nge2 Be6 8. Be3
Qd7 9. Qd2 Nd4 10. O-O-O Nxe2+ 11. Qxe2 Nc6 12. Qf2 Nd4 13. fxe5 dxe5 14. h4 h5
15. Qf1 c6 16. Bh3 Bg4 17. Bxg4 hxg4 18. Bxd4 exd4 19. Ne2 Be5 20. Qe1 Qd6 21.
Rg1 b6 22. Qd2 Rh5 23. Nf4 Bxf4 24. gxf4 f5 25. e5 Qd5 26. Qf2 O-O-O 27. Kb1
Rdh8 28. Rh1 c5 29. Rdf1 Kc7 30. Qg3 b5 31. Qe1 a6 32. Rh2 Kb6 1-0

[Event "MCR senioru 2013 - 70"]
[Site "?"]
[Date "2013.08.22"]
[Round "5.9"]
[White "Slovak, Martin"]
[Black "Zikmund, Jaroslav"]
[Result "1/2-1/2"]
[WhiteElo "1761"]
[BlackElo "1892"]
[PlyCount "109"]

1. d4 Nf6 2. c4 e6 3. Nc3 d5 4. Nf3 c6 5. Bg5 Be7 6. e3 h6 7. Bh4 O-O 8. Bd3
dxc4 9. Bxc4 Nbd7 10. O-O Nd5 11. Bxe7 Nxe7 12. Bb3 b6 13. Bc2 Ba6 14. Re1 c5
15. dxc5 Nxc5 16. Qxd8 Rfxd8 17. Rad1 Rac8 18. Ne5 f6 19. Ng6 Kf7 20. Nxe7 Kxe7
21. Rxd8 Rxd8 22. Rd1 Bd3 23. Bb1 a6 24. b4 Bxb1 25. Rxd8 Kxd8 26. bxc5 Bc2 27.
cxb6 Kc8 28. a4 a5 29. Kf1 Kb7 30. Ke2 Kxb6 31. Kd2 Bg6 32. Nb5 Be8 33. Nd4 Bd7
34. f4 e5 35. fxe5 fxe5 36. Nf3 e4 37. Nd4 g6 38. Kc3 Bxa4 39. h4 Be8 40. Ne6
Bf7 41. Nf4 Kc5 42. g3 a4 43. Ne2 a3 44. Nd4 a2 45. Kb2 Kc4 46. Nc6 Kd5 47. Nd4
Kc5 48. g4 h5 49. gxh5 gxh5 50. Nf5 Kb4 51. Ng3 Bg6 52. Ne2 Bf7 53. Ng3 Kc4 54.
Nxe4 Kd3 55. Ng3 1/2-1/2

[Event "MCR senioru 2013 - 70"]
[Site "?"]
[Date "2013.08.22"]
[Round "5.10"]
[White "Petrzelka, Karel"]
[Black "Zeleny, Frantisek"]
[Result "1-0"]
[WhiteElo "1890"]
[BlackElo "1582"]
[PlyCount "80"]

1. d4 d5 2. c4 c6 3. Nf3 Nf6 4. e3 e6 5. Nc3 Be7 6. Bd3 Nbd7 7. O-O a6 8. e4
dxe4 9. Nxe4 Nxe4 10. Bxe4 Nf6 11. Bc2 b6 12. Bf4 Bb7 13. Qe2 Bd6 14. Bg5 h6
15. Bh4 g5 16. Bg3 Bxg3 17. hxg3 Qe7 18. Rad1 O-O-O 19. Rfe1 Kb8 20. b4 Ka7 21.
Ne5 Nd7 22. Nd3 Qf6 23. Qe3 h5 24. a4 h4 25. g4 h3 26. gxh3 Rh4 27. f4 gxf4 28.
Nxf4 Rg8 29. Rd2 Qg5 30. Rg2 Re8 31. Nh5 Qxe3+ 32. Rxe3 Rh8 33. Rgg3 Rh6 34.
Be4 f5 35. Bg2 R6xh5 36. gxh5 f4 37. Re4 c5 38. Rg7 Bxe4 39. Bxe4 Rxh3 40.
Rxd7+ Kb8 1-0

[Event "MCR senioru 2013 - 70"]
[Site "?"]
[Date "2013.08.22"]
[Round "6.2"]
[White "Zamecnik, Bohumir"]
[Black "Macura, Emil"]
[Result "1/2-1/2"]
[WhiteElo "1894"]
[BlackElo "1944"]
[PlyCount "18"]

1. c4 e5 2. Nc3 Nc6 3. g3 Nf6 4. Bg2 Bb4 5. e4 d6 6. Nge2 Bg4 7. h3 Bd7 8. O-O
O-O 9. d3 Ne8 10. f4 Bc5+ 11. Kh2 g6 12. g4 f6 13. Nd5 a5 14. Qe1 Nd4 15. Nxd4
Bxd4 16. Be3 c6 17. Bxd4 exd4 18. e5 cxd5 19. Bxd5+ Kg7 20. e6 Bxe6 21. Qxe6
Nc7 22. Qe4 Nxd5 23. Qxd5 Qb6 24. b3 Rfe8 25. Rae1 a4 26. Re4 Rxe4 27. Qxe4 Rf8
28. bxa4 1/2-1/2

[Event "MCR senioru 2013 - 70"]
[Site "?"]
[Date "2013.08.22"]
[Round "6.3"]
[White "Strakos, Tomas"]
[Black "Vitek, Vaclav"]
[Result "0-1"]
[WhiteElo "1779"]
[BlackElo "2043"]
[PlyCount "49"]
[SourceDate "2013.08.22"]

1. d4 d6 2. c4 e5 3. d5 f5 4. g3 Nf6 5. Nc3 Be7 6. Bg2 O-O 7. Nh3 Kh8 8. Qc2
Qe8 9. f4 e4 10. Nb5 Nxd5 11. cxd5 Qxb5 12. Qxc7 Bd7 13. Qc2 Qxd5 14. Nf2 Rc8
15. Qd1 Qxd1+ 16. Nxd1 d5 17. e3 Bb4+ 18. Bd2 Na6 19. Bf1 Rc2 20. Bc3 Rc8 21.
a3 Bxc3+ 22. bxc3 Nc5 23. h3 b6 24. Rg1 Nb3 25. Rb1 0-1

[Event "MCR senioru 2013 - 70"]
[Site "?"]
[Date "2013.08.22"]
[Round "6.4"]
[White "Glembek, Bohumir"]
[Black "Abraham, Karel"]
[Result "1/2-1/2"]
[WhiteElo "1744"]
[BlackElo "1779"]
[PlyCount "37"]
[EventDate "2013.??.??"]
[SourceDate "2013.08.22"]

1. d4 Nf6 2. c4 c5 3. d5 b5 4. e3 bxc4 5. Bxc4 g6 6. Nc3 d6 7. e4 Bg7 8. Nge2
O-O 9. O-O Ba6 10. Bxa6 Nxa6 11. a3 Qc7 12. Qc2 Rfb8 13. Rb1 Nd7 14. b3 Rb7 15.
Bd2 Ne5 16. f4 Nd7 17. Be3 Rc8 18. Rfc1 Qd8 19. Qd3 1/2-1/2

[Event "MCR senioru 2013 - 70"]
[Site "?"]
[Date "2013.08.22"]
[Round "6.5"]
[White "Petrzelka, Karel"]
[Black "Laskiewicz, Jerzy"]
[Result "1/2-1/2"]
[WhiteElo "1890"]
[BlackElo "1971"]
[PlyCount "80"]
[SourceDate "2013.08.22"]

1. d4 f5 2. e4 fxe4 3. Nc3 Nf6 4. Bg5 Nc6 5. d5 Ne5 6. Bxf6 exf6 7. Nxe4 d6 8.
Nf3 Be7 9. Bb5+ Kf7 10. Nxe5+ dxe5 11. Bc4 Bd6 12. Qd2 Rf8 13. O-O-O Kg8 14. h4
Kh8 15. f3 Bd7 16. g4 a6 17. Bd3 Qe7 18. Qe3 Rae8 19. Rdg1 Bc8 20. Rg2 c6 21.
c4 cxd5 22. cxd5 Rd8 23. Rc2 Bb8 24. Nc3 Qd6 25. Be4 b5 26. Qd3 f5 27. Bxf5
Bxf5 28. gxf5 Qf6 29. Rh3 Qxf5 30. Qxf5 Rxf5 31. Rd2 Ba7 32. Rd3 Bd4 33. a3 Rf7
34. Rh1 Kg8 35. Kc2 Kf8 36. Rhd1 Rf4 37. Ne2 Rxh4 38. Nxd4 Rxd4 39. Rxd4 exd4
40. Rxd4 Ke7 1/2-1/2

[Event "MCR senioru 2013 - 70"]
[Site "?"]
[Date "2013.08.22"]
[Round "6.6"]
[White "Prachar, Josef"]
[Black "Neubauer, Vilem"]
[Result "1-0"]
[WhiteElo "1888"]
[BlackElo "1873"]
[PlyCount "99"]
[SourceDate "2013.08.22"]

1. d4 g6 2. c4 Bg7 3. Nc3 f5 4. h4 h6 5. Nh3 e6 6. Nf4 Qf6 7. e3 Ne7 8. Be2 d6
9. Bd2 c6 10. h5 g5 11. Ng6 Nxg6 12. hxg6 O-O 13. Bh5 Bd7 14. Qb3 b6 15. c5
dxc5 16. dxc5 b5 17. Rb1 Be8 18. Ne2 Bxg6 19. Bc3 Qf7 20. Bxg7 Kxg7 21. Bxg6
Kxg6 22. Rd1 Na6 23. Qa3 Nc7 24. Rd6 a5 25. Nd4 Rfe8 26. Nxc6 Qf6 27. Nd4 a4
28. Qd3 Rab8 29. Qe2 g4 30. e4 Qg5 31. O-O f4 32. e5 Re7 33. Qe4+ Kg7 34. Nc6
Rbe8 35. Nxe7 Rxe7 36. Rfd1 Nd5 37. Rxe6 Rxe6 38. Rxd5 Re7 39. e6 Qf6 40. Rd7
Kf8 41. Rd8+ Kg7 42. Rd6 Qxb2 43. Qxf4 Qb1+ 44. Kh2 Qg6 45. Qe5+ Kh7 46. Rd7
Qe8 47. Qf5+ Kh8 48. Qf6+ Kg8 49. Qxe7 g3+ 50. Kg1 1-0

[Event "MCR senioru 2013 - 70"]
[Site "?"]
[Date "2013.08.22"]
[Round "6.8"]
[White "Zikmund, Jaroslav"]
[Black "Blazek, Jaroslav"]
[Result "1/2-1/2"]
[WhiteElo "1892"]
[BlackElo "1687"]
[PlyCount "28"]
[EventDate "2013.??.??"]
[SourceDate "2013.08.22"]

1. d4 d5 2. c4 e6 3. Nc3 Nf6 4. Bg5 c6 5. e3 Nbd7 6. Nf3 Qa5 7. Bxf6 Nxf6 8.
Nd2 Bb4 9. Qc2 O-O 10. Bd3 dxc4 11. Bxc4 Qg5 12. O-O Qh6 13. Nce4 Nxe4 14. Nxe4
Kh8 1/2-1/2

[Event "MCR senioru 2013 - 70"]
[Site "?"]
[Date "2013.08.22"]
[Round "6.9"]
[White "Reichmann, Pavel"]
[Black "Mesiarik, Rusolf"]
[Result "0-1"]
[WhiteElo "1840"]
[BlackElo "2179"]
[PlyCount "70"]
[SourceDate "2013.08.22"]

1. e4 c5 2. Nf3 Nc6 3. d4 cxd4 4. Nxd4 e5 5. Nb3 Nf6 6. Nc3 Bb4 7. Bg5 Bxc3+ 8.
bxc3 h6 9. Bxf6 Qxf6 10. Bc4 Qg6 11. Qf3 d6 12. h3 O-O 13. O-O-O a5 14. a4 Be6
15. Bd5 Ne7 16. Kb2 Bxd5 17. exd5 f5 18. g4 fxg4 19. Qxg4 Qxg4 20. hxg4 Rxf2
21. c4 b6 22. Nd2 Rf4 23. Rhg1 Raf8 24. Rde1 Rc8 25. Kb3 Rd4 26. Rg2 Ng6 27. c3
Rd3 28. Ne4 Rd8 29. Rh2 Nf4 30. g5 h5 31. Kc2 Rf3 32. g6 h4 33. Rxh4 Ng2 34.
Reh1 Nxh4 35. Rxh4 Rf4 0-1

[Event "MCR senioru 2013 - 70"]
[Site "?"]
[Date "2013.08.22"]
[Round "6.12"]
[White "Stec, Frantisek"]
[Black "Horak, Jaroslav"]
[Result "0-1"]
[WhiteElo "2017"]
[BlackElo "1590"]
[PlyCount "68"]
[SourceDate "2013.08.22"]

1. d4 Nf6 2. Nf3 e6 3. Bg5 Be7 4. Nbd2 d5 5. e3 a6 6. Bd3 Nbd7 7. c3 O-O 8. h3
c5 9. O-O c4 10. Bc2 b5 11. a3 Bb7 12. Qe2 h6 13. Bf4 Nh5 14. Ne5 Nxf4 15. exf4
Nf6 16. f5 Bd6 17. f4 exf5 18. Bxf5 g6 19. Bc2 Nh5 20. Qf2 Qf6 21. g4 Nxf4 22.
Qxf4 Qh4 23. Qf3 Qg5 24. Qg2 Qd8 25. Rae1 Qc7 26. Ndf3 Rae8 27. h4 Kg7 28. Kh1
Bc8 29. Rg1 Re6 30. Bf5 Rf6 31. Bc2 Rf4 32. Qh2 Rxf3 33. Qg2 Rf4 34. Ref1 Bxe5
0-1

[Event "MCR senioru 2013 - 70"]
[Site "?"]
[Date "2013.08.18"]
[Round "5.5"]
[White "Labik, Jaroslav"]
[Black "Vlasak, Ladislav"]
[Result "0-1"]
[WhiteElo "1595"]
[BlackElo "1797"]
[PlyCount "34"]
[EventDate "2013.??.??"]

1. c4 Nf6 2. Nc3 g6 3. g3 Bg7 4. Bg2 O-O 5. Nf3 d6 6. d4 c6 7. O-O Qa5 8. Qb3
Na6 9. Bd2 Rb8 10. Nd5 Qd8 11. Nc3 Qa5 12. Nd5 Qd8 13. Nc3 Nc7 14. Ng5 Bd7 15.
e3 b5 16. cxb5 Nxb5 17. Nxb5 Rxb5 0-1

[Event "MCR senioru 2013 - 50"]
[Site "?"]
[Date "2013.08.23"]
[Round "7.2"]
[White "Urban, Zdenek"]
[Black "Malinovsky, Petr"]
[Result "1-0"]
[WhiteElo "2124"]
[BlackElo "1980"]
[PlyCount "107"]
[SourceDate "2013.08.23"]

1. c4 e6 2. g3 d5 3. Bg2 Nf6 4. Nf3 c6 5. b3 Nbd7 6. Bb2 Be7 7. O-O O-O 8. d4
b6 9. Nc3 Bb7 10. Rc1 Rc8 11. Ne5 Ne8 12. Nxd7 Qxd7 13. e4 dxe4 14. Nxe4 Nf6
15. Ng5 h6 16. Nf3 Rfd8 17. Qe2 Qc7 18. Rfe1 Bb4 19. Red1 Be7 20. Rd3 Ne8 21.
Rcd1 Bf6 22. Ne5 Nd6 23. Ng4 Be7 24. Re1 Nf5 25. Ne5 Bf6 26. Red1 g6 27. Ng4
Bg7 28. d5 exd5 29. Bxg7 Kxg7 30. cxd5 cxd5 31. Bxd5 Bxd5 32. Qb2+ Kf8 33. Qh8+
Ke7 34. Qf6+ Ke8 35. Rxd5 Rxd5 36. Rxd5 Qc1+ 37. Kg2 Qc6 38. Qe5+ Kf8 39. Kh3
Qe6 40. Qxe6 fxe6 41. Rd7 a5 42. Rb7 Rc2 43. a4 h5 44. Ne5 Rxf2 45. Nxg6+ Ke8
46. Rxb6 Kf7 47. Nf4 h4 48. Nxe6 hxg3 49. hxg3 Ke7 50. Ng5 Kd8 51. Rf6 Rf1 52.
g4 Ne3 53. Rxf1 Nxf1 54. Ne4 1-0

[Event "MCR senioru 2013 - 50"]
[Site "?"]
[Date "2013.08.23"]
[Round "7.3"]
[White "Vlachopulos, Georgis"]
[Black "Lorenc, Oldrich"]
[Result "1-0"]
[WhiteElo "1971"]
[BlackElo "2137"]
[PlyCount "99"]
[EventDate "2013.??.??"]
[SourceDate "2013.08.23"]

1. e4 d5 2. exd5 Nf6 3. d4 Nxd5 4. c4 Nf6 5. Nc3 e6 6. a3 Be7 7. Nf3 O-O 8. Bd3
b6 9. h3 Bb7 10. Be3 Nbd7 11. Bc2 Rc8 12. Ba4 c6 13. Bf4 a6 14. Bc2 c5 15. dxc5
Nxc5 16. Qe2 Bxf3 17. gxf3 Nh5 18. Be5 Bf6 19. Rd1 Qe7 20. Rg1 g6 21. b4 Nd7
22. f4 Nxf4 23. Bxf4 Bxc3+ 24. Kf1 e5 25. Be3 Qe6 26. Rg3 e4 27. Ba4 Rcd8 28.
Bxd7 Rxd7 29. Rxd7 Qxd7 30. Bxb6 Be5 31. Qxe4 Re8 32. Rd3 Qe6 33. c5 Bb2 34.
Qf3 Qc4 35. Kg2 Re5 36. Bc7 Rf5 37. Qe2 Rd5 38. Qe8+ Kg7 39. Rf3 Rg5+ 40. Kh2
Qd5 41. Qe3 Bd4 42. Qe2 h5 43. Bg3 a5 44. Qd3 axb4 45. axb4 Rf5 46. Rxf5 gxf5
47. Bf4 h4 48. c6 Kg6 49. c7 Qd7 50. Qa6+ 1-0